Potrebujeme nedeľu? praktická príručka pre každého kresťana

Bibliographic Details
Main Author: Gavenda, Marián, 1963- (Author)
Format: Book
Language:Slovak
PhysicalDescription:39 s. 19 cm
Published: Bratislava Don Bosco 2015
ISBN:9788080743055
Series:Viera do vrecka
Subjects:

MARC

LEADER 00000cam a2200000 a 4500
001 vtls011470226
003 SK-MaSNL
005 20260301091730.0
008 251029s2015 xo grf 000 0 slo
015 |a SNBA2016/03 
020 |a 9788080743055  |q (brož.) 
035 |a urn:nbn:sk:snk-am00a236 
035 |a urn:nbn:sk:snk-am3hdo0 
035 |a 230A3C85-358F-42B4-81BE-F91CB059FFC5 
040 |a SNK  |b slo  |c SNK  |e AACR2 
041 0 |a slo 
044 |a xo  |c SK 
072 7 |a 27-5  |x Liturgia. Kresťanské umenie a symbolika. Duchovný život  |2 konspekt 
080 |a 27-4  |2 2011 
080 |a 27  |2 2011 
080 |a 27-563  |2 2011 
080 |a (035)  |2 2011 
080 |a 27-584  |2 2011 
080 |a 27-563/-565  |2 2011 
100 1 |a Gavenda, Marián,  |d 1963-  |4 aut  |9 101916 
245 1 0 |a Potrebujeme nedeľu?  |b praktická príručka pre každého kresťana  |c Marián Gavenda 
260 |a Bratislava  |b Don Bosco  |c 2015 
300 |a 39 s.  |c 19 cm 
490 1 |a Viera do vrecka  |v 55 
500 |a Názov z obalu 
650 0 7 |a duchovný život  |2 SNKPH  |9 1807 
650 0 7 |a kresťanský život  |2 SNKPH  |9 1808 
650 0 7 |a kresťanská viera  |2 SNKPH  |9 1712 
650 0 7 |a nedeľa  |2 SNKPH  |9 1970 
650 0 7 |a Spiritual life  |2 SNKPHeng  |9 265583 
650 0 7 |a Christian life  |2 SNKPHeng  |9 265582 
650 0 7 |a Christian faith  |2 SNKPHeng  |9 266204 
650 0 7 |a Sunday  |2 SNKPHeng  |9 333981 
650 0 7 |a kresťanské sviatky  |2 SNKPH  |9 68007 
650 0 7 |a Christian feasts  |2 SNKPHeng  |9 323787 
655 7 |a príručky  |2 SNKPH  |9 74364 
655 7 |a Handbooks, manuals, etc.  |2 SNKPHeng  |9 90964 
830 0 |a Viera do vrecka  |9 305772 
852 |a Štátna vedecká knižnica v Banskej Bystrici 
919 |a 978-80-8074-305-5 
958 |a NB 
958 |a NT 
999 |c 672004  |d 673934 
952 |a SNK  |b SNK  |y PREZ  |7 0  |p 17A1178352  |o snkSD 84953  |i snk2016/2590  |8 0  |0 0  |1 0  |4 0  |d 2016-02-02  |f 1  |l 0  |r 2017-06-30 00:00:00  |w 2026-02-23 
952 |a SNK  |b SNK  |y VYP  |7 0  |p 17A1178353  |o snkSD 84953 D1  |i snk2016/2591  |8 0  |0 0  |1 0  |4 0  |d 2016-02-02  |l 0  |r 2017-06-30 00:00:00  |w 2026-02-23